Insect pests of deciduous fruits in the West, (Record no. 12111)

MARC details
000 -LEADER
fixed length control field 01163cam a2200265 4500
001 - CONTROL NUMBER
control field agr66000286
003 - CONTROL NUMBER IDENTIFIER
control field DLC
005 - DATE AND TIME OF LATEST TRANSACTION
control field 20260227111025.0
008 - FIXED-LENGTH DATA ELEMENTS--GENERAL INFORMATION
fixed length control field 690925s1966 dcua 000 0 eng c
010 ## - LIBRARY OF CONGRESS CONTROL NUMBER
LC control number agr66000286
040 ## - CATALOGING SOURCE
Original cataloging agency U.S. Nal'l Agr. Libr.
Transcribing agency DLC
Modifying agency DLC
050 00 - LIBRARY OF CONGRESS CALL NUMBER
Classification number SB608.F8
Item number N39
070 0# - NATIONAL AGRICULTURAL LIBRARY CALL NUMBER
Classification number 1 Ag84Ah no. 306
100 1# - MAIN ENTRY--PERSONAL NAME
Personal name Newcomer, E. J.
Fuller form of name (Erval Jackson),
Dates associated with a name 1890-
245 10 - TITLE STATEMENT
Title Insect pests of deciduous fruits in the West,
Statement of responsibility, etc. by E. J. Newcomer.
260 ## - PUBLICATION, DISTRIBUTION, ETC.
Place of publication, distribution, etc. [Washington]
Name of publisher, distributor, etc. Agricultural Research Service, U.S. Dept. of Agriculture
Date of publication, distribution, etc. [1966]
300 ## - PHYSICAL DESCRIPTION
Extent 57 p.
Other physical details illus.
Dimensions 23 cm.
490 1# - SERIES STATEMENT
Series statement United States. Dept. of Agriculture. Agriculture handbook ;
Volume/sequential designation no. 306
500 ## - GENERAL NOTE
General note "Contains information formerly published in Circular no. 270, Orchard insects of the Pacific Northwest and their control."
650 #0 - SUBJECT ADDED ENTRY--TOPICAL TERM
Topical term or geographic name entry element Fruit
General subdivision Diseases and pests
Geographic subdivision West (U.S.)
650 #3 - SUBJECT ADDED ENTRY--TOPICAL TERM
Topical term or geographic name entry element Fruit pests
Geographic subdivision Western States.
650 #3 - SUBJECT ADDED ENTRY--TOPICAL TERM
Topical term or geographic name entry element Fruit diseases
Geographic subdivision Western States.
700 1# - ADDED ENTRY--PERSONAL NAME
Personal name Newcomer, Erval Jackson,
Dates associated with a name 1890-
Title of a work Orchard insects of the Pacific Northwest and their control.
830 #0 - SERIES ADDED ENTRY--UNIFORM TITLE
Uniform title Agriculture handbook (United States. Department of Agriculture) ;
Volume/sequential designation no. 306.

No items available.

Powered by Koha